The state and movement of water in living organisms.

Guardado en:
Formato: Libro
Idioma:English
Publicado: New York : Published for the Company of Biologists on behalf of the Society for Experimental Biology [by] Academic Press, 1965.
Series:Symposia of the Society for Experimental Biology ; nº 19
Etiquetas: Agregar Etiqueta
Sin Etiquetas, Sea el primero en etiquetar este registro!
LEADER 00729nam a22001695a 4500
001 EEA.libagro001033
008 130809s1965####nyua#####b####000#0#eng#d
005 20211206110029.0
245 1 4 |a The state and movement of water in living organisms. 
260 |a New York :  |b Published for the Company of Biologists on behalf of the Society for Experimental Biology [by] Academic Press,  |c 1965. 
300 |a vii, 432 p. :  |b il., lám. ;  |c 25 cm. 
490 1 |a Symposia ;  |v nº 19 
500 |a "The symposium was held in Swansea from 8 to 12 September 1964.". 
504 |a Incluye bibliografías. 
830 0 |a Symposia of the Society for Experimental Biology ;  |v nº 19 
082 0 4 |a 574.11 
859 |a AR-BbBCA  |b BIB. AGRONOMIA  |h 574.11  |i S989 19  |p 1966/0046